000 00742nam a2200289Ia 4500
005 20260324125831.0
008 008 260324s9999 xx 000 0 eng d
020 _a9780429134029
037 _aEBOOK
040 _aCRL
040 _beng
040 _cCRL
041 _2eng
041 _aeng
084 _qCRL
100 _aYan Zhang; Jianhua Ma; Laurence T. Yang
_91179502
245 0 _aUnlicensed Mobile Access Technology
245 0 _bProtocols, Architectures, Security, Standards and Applications
260 _bTaylor and Francis
260 _c2008
365 _a
365 _b275
856 _uhttp://www.taylorfrancis.com/books/9780429134029
942 _cEBOOK
999 _c1775096
_d1775096